| 000 | 03029cam a22004334a 4500 | ||
|---|---|---|---|
| 001 | 13908443 | ||
| 003 | OSt | ||
| 005 | 20150408114110.0 | ||
| 008 | 050322s2006 pauaf b 001 0 eng | ||
| 010 | _a 2005008049 | ||
| 016 | 7 |
_a101244339 _2DNLM |
|
| 020 | _a0781730147 | ||
| 020 | _a9780781730143 | ||
| 035 | _a(OCoLC)ocm58598402 | ||
| 040 | _aMa-Un | ||
| 042 | _apcc | ||
| 050 | 0 | 0 |
_aQR67 _b.C64 2006 |
| 060 | 0 | 0 | _a2006 A-787 |
| 060 | 1 | 0 |
_aQW 25 _bK816 2006 |
| 082 | 0 | 0 |
_a616.9041 _222 |
| 245 | 0 | 0 |
_aKoneman's color atlas and textbook of diagnostic microbiology / _cWashington C. Winn, Jr. ... [et al.]. |
| 246 | 3 | 0 | _aColor atlas and textbook of diagnostic microbiology |
| 250 | _a6th ed. | ||
| 260 |
_aPhiladelphia : _bLippincott Williams & Wilkins, _cc2006. |
||
| 300 |
_axxxi, 1535, 30 p., [79] leaves of plates : _bill. (some col.) ; _c29 cm. |
||
| 500 | _aRev. ed. of: Color atlas and textbook of diagnostic microbiology / Elmer W. Koneman ... [et al.]. 5th ed. c1997. | ||
| 504 | _aIncludes bibliographical references and index. | ||
| 505 | 0 | _aIntroduction to microbiology: part I : the role of the microbiology laboratory in the diagnosis of infectious diseases : guidelines to practice and management -- Introduction to microbiology: part II : guidelins for the collection, transport, processing, analysis, and reporting of cultures from specific specimen sources -- Laboratory diagnosis by immunologic methods -- Molecular microbiology -- Medical bacteriology: taxonomy, morphology, physiology, and virulence -- The enterobacteriaceae -- The nonfermentative gram-negative bacilli -- Curved gram-negative bacilli and oxidase-positive fermenters: campylobacteraceae and vibrionaceae -- Miscellaneous fastidious gram-negative bacilli -- Legionella -- Neisseria species and moraxella catarrhalis -- Gram-positive cocci: part I : staphylococci and related gram-positive cocci -- Gram-positive cocci: part II : streptococci, enterococci, and the "streptococcus-like" bacteria -- Aerobic and facultative gram-positive bacilli -- Aerobic actinomycetes -- The anaerobic bacteria -- Antimicrobial susceptibility testing -- Mycoplasmas and ureaplasmas -- Mycobacteria -- Spirochetal infections -- Mycology -- Parasitology -- Diagnosis of infections caused by viruses, chlamydia, rickettsia, and related organisms. | |
| 650 | 0 |
_aDiagnostic microbiology _vAtlases. _919584 |
|
| 650 | 1 | 2 |
_aMicrobiology _vLaboratory Manuals. _96599 |
| 650 | 2 | 2 |
_aLaboratory Techniques and Procedures. _911026 |
| 700 | 1 |
_aWinn, Washington C. _919585 |
|
| 700 | 1 |
_aKoneman, Elmer W., _d1932- _919586 |
|
| 730 | 0 |
_aColor atlas and textbook of diagnostic microbiology. _919587 |
|
| 856 | 4 | 2 |
_3Publisher description _uhttp://www.loc.gov/catdir/enhancements/fy0712/2005008049-d.html |
| 856 | 4 | 1 |
_3Table of contents only _uhttp://www.loc.gov/catdir/enhancements/fy0811/2005008049-t.html |
| 942 |
_2ddc _cBOOK |
||
| 999 |
_c26823 _d261323 |
||